The sensuous woman; the first how-to book for the female who yearns to be all woman /

সংরক্ষণ করুন:
গ্রন্থ-পঞ্জীর বিবরন
প্রধান লেখক: Garrity, Joan Terry (লেখক)
বিন্যাস: গ্রন্থ
ভাষা:ইংরেজি
প্রকাশিত: New York : Dell, 1969
ট্যাগগুলো: ট্যাগ যুক্ত করুন
কোনো ট্যাগ নেই, প্রথমজন হিসাবে ট্যাগ করুন!

MARC

LEADER 00000nam a22000007i 4500
001 IT\ICCU\UBO\3461023
003 ItRI
005 20260115232314.0
008 080723s1969 xxu|||||| ||||| |||||c
040 |b ita  |c importazione bologna sebina 
041 7 |a eng  |2 ISO-639-2 
100 1 |a Garrity, Joan Terry  |0 IT\ICCU\UBOV\253215  |4 aut 
245 1 4 |a The sensuous woman; the first how-to book for the female who yearns to be all woman /  |c by J. 
260 |a New York :  |b Dell,  |c 1969 
300 |a 192 p. ;  |c 22 cm 
500 |a Per il nome dell'autrice confronta il catalogo on-line OBV. 
942 |2 ddc  |c BK  |n 0 
952 |0 0  |1 0  |4 0  |6 DOC_613_960000000000000_GAR  |7 0  |9 23901  |a BO  |b BO  |d 2026-01-15  |i 2145  |l 0  |o DOC 613.96 GAR  |p BO2145  |r 2026-01-15 23:23:14  |w 2026-01-15  |x [Sebina 5] [1 v.]  |y BK  |z 1 v. 
999 |c 20358  |d 20358